[Event "RUS-chT2"]
[Site "Sochi"]
[Date "2019.05.01"]
[Round "1.3"]
[White "Drygalov, Andrey"]
[Black "Suslov, Evgeniy"]
[Result "1-0"]
[WhiteElo "2481"]
[BlackElo "2288"]
[PlyCount "99"]
[EventDate "2019.05.01"]
[EventType "team-swiss"]
[EventRounds "9"]
[EventCountry "RUS"]
[SourceTitle "CBM 190 Extra"]
[Source "ChessBase"]
[SourceDate "2019.07.15"]
[SourceVersion "1"]
[SourceVersionDate "2019.07.15"]
[SourceQuality "1"]
[WhiteTeam "South Ural Cheliabinsk"]
[BlackTeam "Smolensk Region"]
[WhiteTeamCountry "RUS"]
[BlackTeamCountry "RUS"]

1. e4 d6 2. d4 Nf6 3. Nc3 Nc6 4. Nf3 e5 5. Bb5 Bd7 6. Bxc6 Bxc6 7. Qd3 exd4 8. Nxd4 g6 9. Bg5 Bg7 10. 0-0-0 h6 11. Bf4 0-0 12. f3 Nd7 13. Qd2 Ne5 14. Kb1 Kh7 15. h4 Bd7 16. h5 g5 17. Bxe5 Bxe5 18. Nd5 Be6 19. Ne3 Qd7 20. Qd3 a5 21. Rhg1 Qa4 22. Nxe6 fxe6 23. Ng4 Rf7 24. Nxe5 dxe5 25. Qc3 Qb5 26. a4 Qxa4 27. Qxe5 Qc6 28. Rd3 a4 29. Rgd1 a3 30. bxa3 Rg7 31. Kb2 Ra6 32. Rc3 Qb6+ 33. Rb3 Qc6 34. Qb5 Qxb5 35. Rxb5 Ra7 36. Rd8 Re7 37. Rb3 Kg7 38. Rb8 b6 39. Rd3 Ra5 40. Rdd8 Rc5 41. Rg8+ Kf6 42. Rg6+ Ke5 43. Rd8 Rh7 44. Kc1 Rc6 45. Rf8 Rd7 46. Rxh6 Rcd6 47. Rg6 Kd4 48. h6 Ke3 49. h7 Kf2 50. h8Q 1-0

[Event "RUS-chT2"]
[Site "Sochi"]
[Date "2018.05.10"]
[Round "9.8"]
[White "Suslov, Evgeniy"]
[Black "Grachev, Andrey"]
[Result "1/2-1/2"]
[WhiteElo "2305"]
[BlackElo "2189"]
[PlyCount "86"]
[EventDate "2018.05.01"]
[EventType "team-swiss"]
[EventRounds "9"]
[EventCountry "RUS"]
[SourceTitle "CBM 184 Extra"]
[Source "ChessBase"]
[SourceDate "2018.06.28"]
[SourceVersion "1"]
[SourceVersionDate "2018.06.28"]
[SourceQuality "1"]
[WhiteTeam "Smolensk Region VOS"]
[BlackTeam "Lipetsk Region"]
[WhiteTeamCountry "RUS"]
[BlackTeamCountry "RUS"]

1. Nf3 d5 2. g3 Bg4 3. Bg2 Nd7 4. 0-0 c6 5. d3 e5 6. h3 Bh5 7. Nbd2 Ngf6 8. e4 dxe4 9. dxe4 Qc7 10. Qe1 Be7 11. Nh4 0-0 12. Nf5 Bc5 13. Nc4 Rfe8 14. a4 Rad8 15. b4 Bf8 16. Be3 b5 17. Nb2 a6 18. c4 c5 19. axb5 axb5 20. g4 Bg6 21. bxc5 bxc4 22. Qa5 Qxa5 23. Rxa5 Ra8 24. Rxa8 Rxa8 25. Nxc4 Bxc5 26. Bxc5 Nxc5 27. Ne7+ Kf8 28. Nxg6+ hxg6 29. Nxe5 Nfxe4 30. Rc1 Re8 31. f4 Rd8 32. Bxe4 Nxe4 33. Re1 Nf6 34. Kg2 Rc8 35. Ra1 Rc7 36. Ra6 Nd5 37. Kf3 Nf6 38. g5 Rc3+ 39. Ke2 Nd5 40. Ra7 Rc7 41. Rxc7 Nxc7 42. Kf3 Ke7 43. Ke4 Ke6 1/2-1/2

[Event "RUS-chT2"]
[Site "Sochi"]
[Date "2017.05.08"]
[Round "7.4"]
[White "Derjabin, Ilja"]
[Black "Suslov, Evgeniy"]
[Result "1/2-1/2"]
[WhiteElo "2341"]
[BlackElo "2252"]
[PlyCount "138"]
[EventDate "2017.05.01"]
[EventType "team-swiss"]
[EventRounds "9"]
[EventCountry "RUS"]
[SourceTitle "CBM 178 Extra"]
[Source "ChessBase"]
[SourceDate "2017.06.22"]
[SourceVersion "1"]
[SourceVersionDate "2017.06.22"]
[SourceQuality "1"]
[WhiteTeam "Our Crimea"]
[BlackTeam "Smolensk Region VOS"]
[WhiteTeamCountry "RUS"]
[BlackTeamCountry "RUS"]

1. d4 d6 2. c4 e5 3. d5 a5 4. Nc3 Na6 5. a3 Bd7 6. Rb1 f5 7. b4 axb4 8. axb4 Nf6 9. Nf3 Be7 10. g3 0-0 11. Bg2 Qe8 12. Ng5 c6 13. 0-0 h6 14. Ne6 Bxe6 15. dxe6 Nc7 16. Qc2 e4 17. f3 Nxe6 18. fxe4 Nxe4 19. Nxe4 fxe4 20. Rxf8+ Qxf8 21. Qxe4 Ng5 22. Qd3 Nf7 23. b5 Ne5 24. Qb3 Qf5 25. bxc6 bxc6 26. Bf4 Rf8 27. c5+ d5 28. Rc1 Kh8 29. Qb7 Qe6 30. Qb3 Nd7 31. Be3 Bf6 32. Bf3 Re8 33. Bf2 Ne5 34. Qb7 Bg5 35. Ra1 Nxf3+ 36. exf3 Be3 37. Ra8 Bxf2+ 38. Kxf2 d4 39. Rxe8+ Qxe8 40. Qb3 Qe5 41. Qa3 Qd5 42. Ke2 d3+ 43. Qxd3 Qxc5 44. Qd8+ Kh7 45. Qd3+ Kg8 46. Qd8+ Kf7 47. Qa8 Qb5+ 48. Ke3 Qb3+ 49. Ke4 Qc2+ 50. Ke3 Qc3+ 51. Ke4 Qe1+ 52. Kd3 Qb1+ 53. Ke3 Qb3+ 54. Ke4 Qd5+ 55. Ke3 Qe6+ 56. Kf2 Qd7 57. Qa2+ Kf6 58. Qb2+ Ke6 59. Qe2+ Kd6 60. Qd2+ Kc7 61. Qf4+ Kb6 62. Qb4+ Ka7 63. f4 Qc7 64. Qa3+ Kb7 65. Kf3 c5 66. Qb3+ Kc6 67. g4 Qd6 68. Qa4+ Kb6 69. Qb3+ Kc6 1/2-1/2

[Event "IBCA EU-chT blind 01st"]
[Site "Warsaw"]
[Date "2016.07.29"]
[Round "6.4"]
[White "Suslov, Evgeniy"]
[Black "Slusnys, Evaldas"]
[Result "1-0"]
[WhiteElo "2221"]
[BlackElo "1888"]
[PlyCount "65"]
[EventDate "2016.07.24"]
[EventType "team-swiss"]
[EventRounds "9"]
[EventCountry "POL"]
[SourceTitle "CBM 173 Extra"]
[Source "ChessBase"]
[SourceDate "2016.08.29"]
[SourceVersion "1"]
[SourceVersionDate "2016.08.29"]
[SourceQuality "1"]
[WhiteTeam "Russia"]
[BlackTeam "Lithuania"]
[WhiteTeamCountry "RUS"]
[BlackTeamCountry "LTU"]

1. Nf3 c5 2. g3 Nc6 3. Bg2 g6 4. 0-0 Bg7 5. c4 Nf6 6. Nc3 0-0 7. d3 b6 8. Rb1 Bb7 9. a3 d6 10. b4 Nd7 11. Bd2 Nd4 12. e3 Bxf3 13. Bxf3 Nxf3+ 14. Qxf3 e6 15. b5 Ne5 16. Qe2 Qc7 17. e4 f5 18. exf5 exf5 19. Nd5 Qf7 20. Bc3 Rae8 21. Bxe5 dxe5 22. f3 Rd8 23. a4 Rxd5 24. cxd5 Qxd5 25. Qc2 Kh8 26. Qc4 Qd6 27. Rb3 Rd8 28. Ra3 h5 29. a5 bxa5 30. Rxa5 Qxd3 31. Qxd3 Rxd3 32. Rxa7 Rb3 33. Rd1 1-0

[Event "IBCA EU-chT blind 01st"]
[Site "Warsaw"]
[Date "2016.07.27"]
[Round "4.4"]
[White "Zoltek, Tadeusz"]
[Black "Suslov, Evgeniy"]
[Result "1/2-1/2"]
[WhiteElo "2148"]
[BlackElo "2221"]
[PlyCount "65"]
[EventDate "2016.07.24"]
[EventType "team-swiss"]
[EventRounds "9"]
[EventCountry "POL"]
[SourceTitle "CBM 173 Extra"]
[Source "ChessBase"]
[SourceDate "2016.08.29"]
[SourceVersion "1"]
[SourceVersionDate "2016.08.29"]
[SourceQuality "1"]
[WhiteTeam "Poland"]
[BlackTeam "Russia"]
[WhiteTeamCountry "POL"]
[BlackTeamCountry "RUS"]

1. Nf3 Nf6 2. c4 g6 3. g3 Bg7 4. Bg2 0-0 5. 0-0 d6 6. Nc3 Nc6 7. d3 e5 8. Rb1 a5 9. a3 Re8 10. Ne1 Ne7 11. e4 Nc6 12. Nc2 Nd7 13. b4 axb4 14. axb4 Nf8 15. b5 Ne7 16. Be3 Ne6 17. Ra1 Rxa1 18. Qxa1 Nc5 19. Nb4 Be6 20. Qa7 Nc8 21. Qa3 Nb6 22. Ncd5 Bxd5 23. Nxd5 Nxd5 24. cxd5 b6 25. Bh3 Bf6 26. f3 Kg7 27. Qc3 Rh8 28. Ra1 Qe8 29. Ra7 Qb8 30. Ra3 Qe8 31. Ra7 Qb8 32. Ra3 Qe8 33. Ra7 1/2-1/2